书目信息 |
| 题名: |
陈书
|
|
| 作者: | 姚思廉 著 | |
| 分册: | 第一册 卷一至卷一六(纪传) | |
| 出版信息: | 北京 中华书局 1972.3 |
|
| 页数: | 234页 | |
| 开本: | 20cm | |
| 丛书名: | ||
| 单 册: | ||
| 中图分类: | K239.1 | |
| 科图分类: | ||
| 主题词: | 中国--古代史--封建社会 | |
| 电子资源: | ||
| ISBN: | ||
| 000 | 00597nam0 2200205 45 | |
| 001 | 0312221749 | |
| 005 | 20060911092636.29 | |
| 010 | @dCNY1.80(2册) | |
| 091 | @a11018.609 | |
| 100 | @a20031222d1972 km y0chiy0120 ea | |
| 101 | @achi | |
| 200 | 1 | @a陈书@AChen Shu@h第一册@i卷一至卷一六(纪传)@f(唐)姚思廉著@F(Tang)Yao Si Lian Zhu |
| 210 | @a北京@c中华书局@d1972.3 | |
| 215 | @a234页@d20cm | |
| 517 | @a卷一至卷一六(纪传)@Ajuan yi zhi juan yi liu(ji chuan) | |
| 606 | 0 | @a中国@x古代史@x封建社会 |
| 690 | @aK239.1@v3 | |
| 701 | 0 | @a姚思廉@4著 |
| 801 | @aCN@bTSTCL@c20060911 | |
| 905 | @dK239.1@e11:1 | |
| 陈书.第一册.卷一至卷一六(纪传)/(唐)姚思廉著.-北京:中华书局,1972.3 |
| 234页;20cm |
| ISBN :CNY1.80(2册) |
| ● |
| 相关链接 |
|
|
|
|
正题名:陈书
索取号:K239.1/11:1
 
预约/预借
| 序号 | 登录号 | 条形码 | 馆藏地/架位号 | 状态 | 备注 |
| 1 | 0054269 | 000646055 | 第二借阅区/ [索取号:K239.1/11:1] | 在馆 | |
| 2 | 0103093 | 202134626 | 密集书库/ [索取号:K239.1/11:1] | 在馆 | |
| 3 | 0103094 | 202135117 | 密集书库/ [索取号:K239.1/11:1] | 在馆 | |
| 4 | 0109083 | 001282748 | 第二借阅区/ [索取号:K239.1/11:1] | 在馆 | |
| 5 | 0109084 | 001714372 | 密集书库/ [索取号:K239.1/11:1] | 在馆 | |
| 6 | 0175078 | 001282757 | 第二借阅区/ [索取号:K239.1/11:1] | 在馆 | |
| 7 | 0175079 | 001282766 | 第二样本阅览室/ [索取号:K239.1/11:1] | 在馆 | |
| 8 | 0475430 | 204754300 | 密集书库/ [索取号:K239.1/11:1] | 在馆 |